00438 a2200133 4500000002100000001000700021005001700028008004100045082001800086100002700104245012600131260003700257300001000294BKB 07040820200902150826.0  a338.951bB85C1 aBuchelhofer, Christian1 aCorporate control and enterprise reform in China: an econometric analysis of block share tradescby Christian Buchelhofer aHeidelbergbPhysica Verlagc2008 a115p.